000 00356nam a2200133Ia 4500
008 220204s9999 xx 000 0 und d
082 _a581.5
_bJAR
100 _aJARVIS, Margaret S
245 0 _aStalfelt's plant ecology: Plants the soil and man.
260 _aLondon
_bLongman
_c1960
650 _aPlant ecology
700 _aJARVIS, Paul G
942 _cBK
999 _c28546
_d28546